• 首页
  • 本馆介绍
  • 公告通知
  • 最新文献
  • 馆藏检索
  • 电子资源
  • 读者导购
  • 参考咨询
  • 我的图书馆
  • 登录
  • 详细信息显示
  • 放入我的书架
  • 预约/预借图书
  • 作者相关作品
  • 分类相关作品
  • 丛书相关作品
  • 出版社相关作品

书目信息

  • 表格格式
  • 工作单格式
  • 卡片格式
题名:
古典哲学的趣味
    
 
作者: 安娜斯 著 ;张敏 译
分册:  
出版信息: 南京   译林出版社  2012
页数: 127,126页
开本: 22cm
丛书名:
单 册:
中图分类: H319.4 , B12
科图分类:
主题词: 英语--ying yu--汉语--对照读物 , 古典哲学--gu dian zhe xue--研究--世界
电子资源:
ISBN: 978-7-5447-2984-0
000 01163nam0 22003011 450
001 0124140123
005 20170324140123.0
010    @a978-7-5447-2984-0@dCNY25.00
100    @a20121130d2012 em y0chiy50 ea
101 2  @achi@aeng@ceng
102    @aCN@b320000
105    @aa z 001yy
106    @ar
200 1  @a古典哲学的趣味@9gu dian zhe xue de qu wei@f(英)朱莉娅·安纳斯(Julia Annas)著@g张敏译
210    @a南京@c译林出版社@d2012
215    @a127,126页@c图@d22cm
300    @a牛津通识读本
312    @a书名原文:Ancient philosophy: a very short introduction
330    @a本书着意向读者展示古典哲学的清新与生动,以及古典哲学传统在主题与风格上的广泛多样性。书中将古代关于情感与理智、幸福与美德等主题的论辩呈现给读者,并引导读者理解这些主题在古代的流变。
510 1  @aAncient philosophy: a very short introduction@zeng
606 0  @a英语@9ying yu@x汉语@j对照读物
606 0  @a古典哲学@9gu dian zhe xue@x研究@y世界
690    @aH319.4@v5
690    @aB12@v5
701  0 @c(英)@a安娜斯@9an na si@c(女,Annas, Julia)@4著
702  0 @a张敏@9zhang min@f(1954.2~)@4译
801  0 @aCN@bTANGWEI@c20160820
905    @b0961598-600@dH319.4@e1825@f3
    
    古典哲学的趣味/(英)朱莉娅·安纳斯(Julia Annas)著/张敏译.-南京:译林出版社,2012
    127,126页:图;22cm
    牛津通识读本
    
    ISBN 978-7-5447-2984-0:CNY25.00
    本书着意向读者展示古典哲学的清新与生动,以及古典哲学传统在主题与风格上的广泛多样性。书中将古代关于情感与理智、幸福与美德等主题的论辩呈现给读者,并引导读者理解这些主题在古代的流变。
●
相关链接 在E读中查询图书 在五车中查询图书 在当当中查询图书 在豆瓣中查询图书


正题名:古典哲学的趣味     索取号:H319.4/1825         预约/预借

序号 登录号 条形码 馆藏地/架位号 状态 备注
1 0961598   209615987   第二样本阅览室/ [索取号:H319.4/1825] 在馆    
2 0961599   209615996   第四借阅区/ [索取号:H319.4/1825] 在馆    
3 0961600   209616003   第四借阅区/ [索取号:H319.4/1825] 在馆    
唐山师范学院图书馆 欢迎您!
大连网信软件有限公司© 版权所有